दरवाजों के बाहर / (Record no. 37402)

MARC details
000 -LEADER
fixed length control field 01070nam a22002417a 4500
005 - DATE AND TIME OF LATEST TRANSACTION
control field 20100723100918.0
010 ## - LCCN (DPL NO)
LC control number HIN-89796
020 ## - INTERNATIONAL STANDARD BOOK NUMBER
Terms of availability 120.00
International Standard Book Number 9788176752336
035 ## - SYSTEM CONTROL NUMBER
System control number HN-62142
037 ## - SOURCE OF ACQUISITION
Source of stock number/acquisition DBAD/PUB
082 ## - DEWEY DECIMAL CLASSIFICATION NUMBER
Classification number 821
100 ## - MAIN ENTRY--PERSONAL NAME
Personal name जयपाल
245 ## - TITLE STATEMENT
Title दरवाजों के बाहर /
Statement of responsibility, etc जयपाल
246 ## - VARYING FORM OF TITLE
Title proper/short title Darwajon ke bahar
Remainder of title by Jaypal
260 ## - PUBLICATION, DISTRIBUTION, ETC. (IMPRINT)
Place of publication, distribution, etc पंचकूला (हरियाणा)
Name of publisher, distributor, etc आधार प्रकाशन
Date of publication, distribution, etc 2010
270 ## - ADDRESS
Address एस. सी. एफ. 267, सेक्टर-16, पंचकूला
City पंचकूला (हरियाणा)
Postal code 134113
Electronic mail address aadhar_prakashan@yahoo.com
300 ## - PHYSICAL DESCRIPTION
Extent 96पृ.
Other physical details 22सेमी (सजिल्द)
650 ## - SUBJECT ADDED ENTRY--TOPICAL TERM
Topical term following geographic name as entry element हिन्दी कविता
650 ## - SUBJECT ADDED ENTRY--TOPICAL TERM
Topical term following geographic name as entry element Hindi Poetry
700 ## - ADDED ENTRY--PERSONAL NAME
Personal name जसवाल, अवतार सिंह
9 (RLIN) 1006
942 ## - ADDED ENTRY ELEMENTS (KOHA)
Source of classification or shelving scheme Dewey Decimal Classification
Item type Hindi Books
Classification part 821
Call number suffix जयपा
Holdings
Withdrawn status Lost status Not for loan Collection code Home library Current library Date acquired Source of acquisition Cost, normal purchase price Full call number Barcode Copy number Cost, replacement price Koha item type
    Not For Loan Non-fiction D.B.Act.Division D.B.Act.Division 23/07/2010 DBAD / PUB 120.00 821 जयपा HN-62142 1 120.00 Hindi Books

© Delhi Public Library
Hit Counter
free hit counter